| 000 | 00405nam a2200145Ia 4500 | ||
|---|---|---|---|
| 008 | 130318s9999 xx 000 0 und d | ||
| 020 | _a078214120X | ||
| 082 | _a005.8 STR/N | ||
| 100 | _aStrebe, Matthew | ||
| 245 | _aNetwork security: Jumpstart computer and network security basics | ||
| 260 |
_bSybex _aSan Francisco _c2002 |
||
| 300 | _a365 | ||
| 650 | _aCOMPUTER SECURITY | ||
| 650 | _aNETWORK SECURITY | ||
| 999 |
_c1298 _d1298 |
||